| 000 | 01131 a2200253 4500 | ||
|---|---|---|---|
| 005 | 20080819160722.0 | ||
| 008 | 080819t xxu||||| |||| 00| 0 hin d | ||
| 010 | _aHIN-83982 | ||
| 020 |
_c200.00 _a9788190508650 |
||
| 035 | _aHN-56328 | ||
| 037 | _aDBAD / PUB | ||
| 040 |
_aDPL _bHN |
||
| 082 | _a591 | ||
| 100 | _aनिरूपमा | ||
| 245 |
_aजीव-जन्तुओं का रोचक विज्ञान / _cनिरूपमा |
||
| 246 |
_aJiiv jantuon kaa rochaka vigyana _bby Nirupama |
||
| 260 |
_aइलाहाबाद _bदीपक प्रिन्टिंग वर्क्स _c2007 |
||
| 270 |
_a7-जे/5, ताशकन्द मार्ग _bइलाहाबाद |
||
| 300 |
_a160पृ _c22 सेमी (सजिल्द) _bसचित्र |
||
| 650 | _aZoology | ||
| 650 | _aजन्तु विज्ञान | ||
| 942 |
_adpl _cHN _2ddc _h591 _mनिरूपमा |
||
| 999 |
_c14922 _d14922 |
||